[Event "SVK Amateur-ch 2020"]
[Site "Topolcany"]
[Date "2020.07.13"]
[Round "7.19"]
[White "Kulhanek, Jachym"]
[Black "Joba, Arpad"]
[Result "0-1"]
[WhiteElo "1920"]
[BlackElo "2122"]
[Annotator "TA"]
[PlyCount "171"]
[EventDate "2020.07.10"]
[EventType "swiss"]
[EventCountry "SVK"]
[SourceTitle "playchess.com"]
[Source "ChessBase"]
[SourceQuality "1"]

{[%evp 12,171,18,10,22,14,25,31,31,14,19,22,20,0,0,2,6,0,16,14,21,0,0,0,0,0,54,39,55,49,54,62,133,66,70,21,123,118,130,116,238,227,211,60,59,38,39,23,24,24,35,12,13,-23,-27,-27,-27,-57,-55,-52,-44,-47,-51,-58,-57,-75,-75,-75,-72,-69,-74,-85,-76,-88,-88,-88,-88,-97,-97,-97,-97,-89,-77,-77,-51,-70,-66,-70,-66,-77,-51,-51,-51,-89,-82,-95,-95,-95,-95,-590,-334,-235,-157,-1058,-1047,-1022,-981,-996,-940,-868,-89,-737,-718,-332,0,-325,-89,-316,-276,-856,-589,-1705,-162,-1220,-58,-6318,-6318,-4792,-5054,-5796,-162,-1750,-120,-6428,-29961,-29971,-29970,-29972,-29973,-29973,-29974,-29974,-29975,-29975,-29976,-29977,-29978,-29972,-1489,-29977,-29979,-29979,-29970,-29982,-29983,-29983,-29983,-29983,-29977,-29984,-29985,-29989]} 1. e4 c5 2. c3 d5 3. exd5 Qxd5 4. d4 Nf6 5. Nf3 e6 6. Be2 cxd4 7. cxd4 Bb4+ {B22: Sicilian: 2 c3.} 8. Nc3 O-O 9. O-O Qa5 {White is slightly better.} 10. Qc2 Nc6 11. a3 {[#]} Bd6 $146 ({Predecessor:} 11... Rd8 12. axb4 Qxa1 13. Qb3 Rxd4 14. Nxd4 Nxd4 15. Qc4 Nxe2+ 16. Nxe2 Qa6 17. b5 Qd6 {½-½ (50) Simon,N (2125)-Paal,A (2210) Heves 2000}) 12. Nb5 Bb8 13. Bd2 Qd8 14. Be3 a6 15. Nc3 Qc7 16. g3 Ba7 17. Rfd1 Rd8 18. Rac1 Qa5 (18... Qe7 $11) 19. Na4 $36 {[%mdl 2048] White has good play.} Bd7 20. Nc5 Bxc5 $1 21. dxc5 Nd5 (21... Be8 $14) 22. Bd2 (22. Ng5 $16 g6 23. Qe4) 22... Qc7 $14 23. Bd3 f5 (23... h6 $11) 24. Bg5 Rf8 25. Bc4 Ne5 (25... Bc8 $16 26. Bxd5 exd5 27. Rxd5 Qf7) 26. Nxe5 $18 Qxe5 27. Bxd5 $2 ({White should try} 27. Qb3 $18) 27... exd5 $14 28. Re1 Qd4 29. Qd2 Qxd2 30. Bxd2 Rfe8 31. Rxe8+ Rxe8 32. Re1 Rxe1+ 33. Bxe1 $11 {[%mdl 4096] Endgame KB-KB} d4 34. Kg2 Kf7 35. Kf3 Bc6+ 36. Ke2 $1 Ke6 37. Kd3 Kd5 38. b3 Bb5+ 39. Kc2 Kxc5 40. Bb4+ Kd5 41. Bf8 g5 42. h4 gxh4 43. gxh4 Ke4 44. Kd2 Kf3 45. Ke1 Be8 46. Bc5 Kg4 47. Be7 f4 48. Kd2 Bg6 49. Ke1 Bc2 50. b4 b5 51. Kd2 Bg6 52. Ke1 Kf3 53. Bc5 Ke4 54. Kd2 Kd5 55. Be7 $2 {[%mdl 8192]} (55. Kc1 $17) 55... Kc4 $1 $19 {[%cal Rc4b3]} 56. Bf6 f3 57. Be5 $2 (57. Bg7 $17) 57... h5 58. Bf6 Bf5 59. Bg7 Be4 60. Bf6 Bd3 $2 (60... d3 $19 {is more deadly.} 61. Bb2 Bf5) 61. Be5 $2 {[%mdl 8192]} (61. Kc1 $17) 61... Be2 62. Bg7 Bd3 63. Be5 Bf1 $2 (63... Bh7 $1 $19 64. Bg7 Bf5) 64. Bf6 $2 (64. Kc2 $17 {was worth a try.}) 64... d3 $1 65. Be7 $2 (65. Bb2) 65... Kb3 66. Bd6 Kb2 $2 (66... Kxa3 67. Bf8 Ka4) 67. Be7 $2 (67. Bf4) 67... Be2 $2 (67... Kxa3 $19 68. Kc3 Ka4) 68. Bd6 $2 {[%mdl 8192]} (68. Bg5 $15) 68... Kxa3 69. Kc3 Ka4 70. Bf4 a5 $1 {[%cal Ra5b4]} 71. bxa5 $2 (71. Bg5) 71... b4+ {[%cal Bb5b4,Bb4b3][%mdl 32]} 72. Kb2 $2 {[%mdl 8192]} (72. Kd2 $17 Kxa5 73. Bh2) 72... Kxa5 73. Bd2 Kb5 74. Be1 Kc4 75. Bd2 Bd1 76. Be1 b3 77. Bd2 Kd4 78. Be3+ Ke4 79. Kc3 {[#]} Kf5 $1 {[%cal Rf5g4]} 80. Bd4 Bc2 {Black mates.} 81. Be3 {[#]} Kg4 $1 {[%cal Rg4h4]} 82. Bg5 Kh3 83. Bf6 Kg2 84. Bd4 Kf1 85. Be3 Ke2 86. Kd4 {Never resign too early! Accuracy: White = 55%, Black = 78%.} 0-1

[Event "SVK Amateur-ch 2020"]
[Site "Topolcany"]
[Date "2020.07.13"]
[Round "7.21"]
[White "Sarkozi, Szabolcs"]
[Black "Musial, Tomasz"]
[Result "0-1"]
[WhiteElo "2123"]
[BlackElo "1946"]
[Annotator "TA"]
[PlyCount "170"]
[EventDate "2020.07.10"]
[EventType "swiss"]
[EventCountry "SVK"]
[SourceTitle "playchess.com"]
[Source "ChessBase"]
[SourceQuality "1"]

{[%evp 9,170,0,16,8,11,23,13,-10,-7,-28,-8,-14,-6,-9,-20,-18,12,11,31,-21,-16,-21,-15,-37,16,18,25,-18,-5,-19,-21,-27,0,-39,-28,-29,-18,-17,-8,-47,-33,-176,-184,-188,-187,-293,-308,-293,-290,-305,-304,-295,-297,-282,0,-443,-441,-434,-433,-417,-311,-368,-365,-350,-347,-295,-190,-184,-139,-139,-138,-144,-144,-144,-144,-144,-144,-182,-177,-174,-173,-217,-219,-212,-212,-257,-257,-245,-242,-664,-652,-1539,-1539,-1469,-1432,-1431,-683,-1320,0,-1182,-638,-1214,-1228,-1239,-1156,-1200,-1094,-1192,-901,-1164,-1070,-1108,-1068,-660,-1044,-1089,-945,-947,-729,-788,-757,-733,-733,-742,-719,-664,-652,-656,-628,-608,-552,-541,-585,-569,-399,-535,-531,-520,-505,-463,-458,-408,-320,-433,-295,-1368,-1368,-1368,-917,-406,-377,-29977,-29978,-29975,-29977,-29977,-29978,-29972,-5414,-5154,-5118,-1703,-1674]} 1. d4 Nf6 2. Bf4 e6 3. Nc3 d5 4. e3 a6 5. g4 c5 6. g5 {D00: 1 d4 d5: Unusual lines.} Nfd7 7. h4 b5 {[#]} 8. dxc5 $146 {The position is equal.} ({Predecessor:} 8. Nce2 Nc6 9. Nf3 Nb6 10. c3 cxd4 11. Nexd4 Bb7 12. Nxc6 Bxc6 13. Qd4 Nc4 14. Ne5 {1-0 (53) Alekseenko,K (2638)-Riazantsev,A (2649) St Petersburg 2018}) 8... Nxc5 9. Nf3 Nc6 10. Ne5 Bb7 {next ...Nxe5 is good for Black.} 11. Nxc6 Bxc6 12. Bg2 Bd6 (12... Be7 {with more complications.} 13. Qd4 f6 14. gxf6 gxf6 15. O-O-O b4) 13. Bxd6 Qxd6 14. Qg4 ({Better is} 14. f4 $14) 14... b4 $11 15. Ne2 a5 16. h5 Nd7 ({Black should try} 16... O-O $15) 17. Nd4 Rc8 18. b3 Bb7 19. Rd1 Ba6 20. Rd2 Qe7 21. g6 {gxf7+ is the strong threat.} hxg6 22. hxg6 Rxh1+ 23. Bxh1 {Strongly threatening gxf7+.} f5 $36 {[%mdl 2048] Black is more active.} 24. Qh5 Qf6 25. Nxe6 (25. Rd1 $15) 25... Qxe6 $19 26. Qh8+ Nf8 27. Bxd5 (27. Qxg7 $142 Qxg6 28. Qxg6+ Nxg6 29. Bxd5) 27... Qxg6 {[%cal Rg6g1]} 28. Qh2 Qf6 29. Rd4 Rxc2 30. Qb8+ Rc8 31. Qa7 Nd7 $2 (31... g6 $19 {aiming for ...g5.} 32. Bg8 g5) 32. Bf7+ $2 {[%mdl 8192]} (32. Bc4 $11 Nb8 33. Bxa6 Qxa6 34. Qxg7 Rc1+ 35. Kd2) 32... Kxf7 33. Qxd7+ Kf8 34. Qd5 Qc6 35. Qxf5+ Kg8 $1 {( -> ...Qh1+)} 36. Qd5+ Qxd5 37. Rxd5 {[%mdl 4096] Endgame KRB-KR} Rc2 38. Rxa5 Bd3 {Hoping for ...Re2+.} 39. Rd5 Bg6 40. Rd4 Rxa2 41. Rxb4 Rb2 42. Rb8+ Kh7 43. b4 Bd3 44. Rd8 Bb5 45. Rd2 Rb1+ 46. Rd1 Rxb4 47. Rc1 Rb2 48. Rc5 Kg6 49. f4 $2 (49. Rd5) 49... Bd3 50. Rg5+ Kf6 51. Re5 g6 52. Kd1 Rf2 (52... Rh2 $142 53. Rc5 Be4) 53. Ke1 Rb2 54. Kd1 Bf5 55. Ra5 Bg4+ 56. Kc1 Re2 57. Re5 Kf7 58. Kb1 Be6 59. Kc1 Bb3 60. Kb1 Rd2 61. Kc1 Rc2+ 62. Kb1 Re2 63. Kc1 Kf6 64. Kb1 Be6 65. Kc1 Ra2 66. Kd1 Bf5 67. Rc5 Kg7 68. Re5 Bg4+ 69. Ke1 Bf3 70. Kf1 Kf7 71. Ke1 Re2+ 72. Kf1 Rd2 73. Ra5 Kf6 74. Re5 Bc6 75. Rc5 Be4 76. Re5 Bf5 77. Ra5 $2 (77. Ke1 Ra2 78. Rc5) 77... Bd3+ 78. Kg1 Re2 79. Re5 Rb2 80. Rd5 $2 {[#]} (80. Rc5 $19) 80... Rg2+ $1 {[%mdl 512]} 81. Kh1 (81. Kxg2 Be4+) 81... Be4 82. Re5 Bc6 83. e4 Re2 (83... Rf2 $142 84. Kg1 Rxf4 85. Rc5 Bxe4 86. Rc4 {[#]} Rf1+ $1 {[%mdl 512]} 87. Kh2 Kf5 88. Rc8 Kg4 89. Rc1 Rh1+ $1 {[%mdl 512]} 90. Rxh1 Bxh1 91. Kxh1 Kg3 92. Kg1 g5 93. Kh1 Kh3 94. Kg1 g4 95. Kf2 g3+ 96. Kf1 Kh2 97. Ke2 g2 98. Kd3 g1=Q 99. Kc4 Qb6 100. Kc3 Kg3 101. Kc4 Kg4 102. Kc3 Qb5 103. Kd4 Kf3 104. Kc3 Ke3 105. Kc2 Qb4 106. Kc1 Kd3 107. Kd1 Qd2#) 84. Kg1 Rxe4 85. Rc5 Bd7 {Accuracy: White = 59%, Black = 67%.} 0-1

[Event "SVK Amateur-ch 2020"]
[Site "Topolcany"]
[Date "2020.07.13"]
[Round "7.22"]
[White "Moravcik, Rastislav"]
[Black "Pokrupa, Marek"]
[Result "0-1"]
[WhiteElo "1916"]
[BlackElo "2186"]
[Annotator "TA"]
[PlyCount "60"]
[EventDate "2020.07.10"]
[EventType "swiss"]
[EventCountry "SVK"]
[SourceTitle "playchess.com"]
[Source "ChessBase"]
[SourceQuality "1"]

{[%evp 23,60,44,100,-13,-12,-9,-27,-20,-31,-38,-50,-40,-14,-74,-75,-92,-105,-85,-84,-107,-102,-105,-100,-114,-114,-107,-4,-43,-8,0,-18,-365,-351,-716,-697,-29994,-531,-29998,-29999]} 1. d4 Nf6 2. c4 c5 3. d5 b5 4. cxb5 a6 5. bxa6 g6 6. Nc3 Bxa6 7. g3 d6 8. Bg2 Bg7 9. Nf3 O-O 10. O-O Nbd7 11. Qc2 Nb6 12. Rd1 Ra7 (12... Nfd7 $14) 13. Rb1 {A58: Benko/Volga Gambit: Lines with 5 bxa6.} ({White should try} 13. e4 $16) 13... Bc4 $11 {[%cal Rb6d5]} 14. e4 Bxa2 15. Nxa2 {Black has an edge.} Rxa2 {[#]} 16. Bf1 $146 ({Predecessor:} 16. Nd2 Nfd7 17. Nc4 Qa8 18. Nxb6 Nxb6 19. Bf1 Rb8 20. Bb5 Nxd5 21. Bc4 Nc3 22. Bxa2 Qxa2 23. Bg5 Nxd1 24. Qxd1 Kf8 25. Ra1 Qxb2 26. Ra7 f6 {0-1 (26) Gordon,E (2103)-Jianu,V (2518) Arad 2011}) 16... Qa8 17. Bb5 Rb8 {[%cal Rb6d5]} (17... Qa5 $5 {[%cal Ra5b5]} 18. Bd3 Rb8 $11) 18. Bc6 (18. Qe2 $1 $11 {remains equal.}) 18... Qa6 $17 19. e5 Ng4 20. exd6 exd6 21. Qe4 Qc4 22. Nd2 {[#]} Qxe4 $1 23. Nxe4 Nc4 24. h3 f5 (24... Nge5 $17 {Strongly threatening ...Na3!} 25. Kg2 Ra6) 25. Nxc5 (25. Nxd6 {is more complex.} Nxf2 26. Kxf2 Nxd6 27. Bf4 Rd8 28. Bxd6 Rxd6 29. Rd2) 25... Nxf2 (25... Nge5 $5 {[%cal Rd6c5]} 26. Nb7 Ra7 $15) 26. Kxf2 {And now Nd3 would win.} Na3 $1 {[%cal Ra3b1]} 27. Bf4 $2 {[%mdl 8192] White does not recover from this.} (27. Nd7 $11 Rb3 28. Nc5 {[%mdl 64] Promotion} (28. Ba4 Rb4 $17)) 27... Nxb1 $19 28. Bxd6 $2 (28. Rxb1 Bd4+ 29. Kf3 Bxc5 30. Bd7) 28... Rbxb2+ 29. Kg1 Rh2 (29... Rg2+ $142 30. Kh1 Rh2+ {[%mdl 64] Double Attack} 31. Kg1 {[#]} Nd2 $1 {[%mdl 512]} 32. Rf1 Bd4+ 33. Kxh2 Nxf1+ {[%mdl 64] Discovered Attack (Double check)} 34. Kh1 Rh2#) 30. Rxb1 {Black must now prevent Rb8+.} Bd4+ {Accuracy: White = 36%, Black = 61%.} 0-1

[Event "SVK Amateur-ch 2020"]
[Site "Topolcany"]
[Date "2020.07.13"]
[Round "7.23"]
[White "Belus, Benjamin"]
[Black "Nikanova, Ekaterina"]
[Result "0-1"]
[WhiteElo "1909"]
[BlackElo "2116"]
[Annotator "RC"]
[PlyCount "106"]
[EventDate "2020.07.10"]
[EventType "swiss"]
[EventCountry "SVK"]
[SourceTitle "playchess.com"]
[Source "ChessBase"]
[SourceQuality "1"]
[TimeControl "3600+30"]

1. c4 {[%emt 0:02:19]} c5 {[%emt 0:00:00]} 2. g3 {[%emt 0:00:04]} Nc6 {[%emt 0:00:21]} 3. Bg2 {[%emt 0:00:02]} g6 {[%emt 0:00:10]} 4. Nc3 {[%emt 0:00:11]} Bg7 {[%emt 0:00:04]} 5. e3 {[%emt 0:01:53]} e5 {[%emt 0:00:36]} 6. Nge2 {[%emt 0:00:21]} Nge7 {[%emt 0:00:29]} 7. O-O {[%emt 0:00:24]} d6 {[%emt 0:00:12]} 8. b3 {[%emt 0:01:41]} O-O {[%emt 0:02:29]} 9. Bb2 {[%emt 0:00:06]} Rb8 {[%emt 0:02:37]} 10. d3 {[%emt 0:10:50]} a6 {[%emt 0:00:53]} 11. Nd5 {[%emt 0:03:37]} b5 {[%emt 0:05:43]} 12. Nec3 {[%emt 0:01:04]} Be6 {[%emt 0:12:01]} 13. e4 {[%emt 0:08:04]} Qd7 {[%emt 0:04:01]} 14. Nxe7+ {[%emt 0:01:00]} Qxe7 {[%emt 0:02:22]} 15. Nd5 {[%emt 0:00:04]} Qd7 {[%emt 0:00:17]} 16. Rc1 {[%emt 0:01:29]} Nd4 {[%emt 0:08:12]} 17. f3 {[%emt 0:03:42]} bxc4 {[%emt 0:02:33]} 18. dxc4 {[%emt 0:00:08]} Bxd5 {[%emt 0:00:30]} 19. exd5 {[%emt 0:00:24]} a5 {[%emt 0:00:25]} 20. Bc3 {[%emt 0:02:48]} Ra8 {[%emt 0:01:35]} 21. h4 {[%emt 0:01:33]} Rfb8 {[%emt 0:03:04]} 22. Rb1 {[%emt 0:00:14]} Qa7 {[%emt 0:01:36]} 23. Kh2 {[%emt 0:02:19]} Rb7 {[%emt 0:02:42]} 24. Qd2 {[%emt 0:00:21]} Qa6 {[%emt 0:03:31]} 25. Qd3 {[%emt 0:02:08]} Rab8 {[%emt 0:00:57]} 26. Bd2 {[%emt 0:17:53]} Rf8 {[%emt 0:08:16]} 27. f4 {[%emt 0:00:34]} f5 {[%emt 0:00:54]} 28. fxe5 {[%emt 0:00:49]} dxe5 {[%emt 0:00:30]} 29. h5 {[%emt 0:00:15]} gxh5 {[%emt 0:02:36]} 30. Rh1 {[%emt 0:01:39]} e4 {[%emt 0:00:44]} 31. Qe3 {[%emt 0:00:41]} Qg6 {[%emt 0:02:01]} 32. Qg5 {[%emt 0:01:39]} Bf6 {[%emt 0:01:26]} 33. Qxg6+ {[%emt 0:01:12]} hxg6 {[%emt 0:00:01]} 34. Bxa5 {[%emt 0:00:13]} Ra8 {[%emt 0:01:19]} 35. b4 {[%emt 0:01:28]} cxb4 {[%emt 0:00:06]} 36. Rxb4 {[%emt 0:00:03]} Rxb4 {[%emt 0:00:12]} 37. Bxb4 {[%emt 0:00:02]} Rxa2 {[%emt 0:00:06]} 38. Rf1 {[%emt 0:00:54]} Rb2 {[%emt 0:00:34]} 39. Ba3 {[%emt 0:01:00]} Ra2 {[%emt 0:00:35]} 40. Bd6 {[%emt 0:00:14]} e3 {[%emt 0:01:15]} 41. Kh1 {[%emt 0:00:45]} e2 {[%emt 0:00:40]} 42. Re1 {[%emt 0:00:08]} Rd2 {[%emt 0:00:38]} 43. Bb4 {[%emt 0:00:45]} Rd1 {[%emt 0:00:05]} 44. Kh2 {[%emt 0:01:06]} Rxe1 {[%emt 0:00:58]} 45. Bxe1 {[%emt 0:00:03]} Nc2 {[%emt 0:00:02]} 46. Bd2 {[%emt 0:00:20]} e1=Q {[%emt 0:00:16]} 47. Bxe1 {[%emt 0:00:01]} Nxe1 {[%emt 0:00:01]} 48. c5 {[%emt 0:01:47]} Nxg2 {[%emt 0:00:19]} 49. Kxg2 {[%emt 0:00:03]} Bd4 {[%emt 0:00:16]} 50. c6 {[%emt 0:00:07]} Be5 {[%emt 0:00:06]} 51. Kh3 {[%emt 0:00:22]} g5 {[%emt 0:00:08]} 52. Kg2 {[%emt 0:00:46]} Kf8 {[%emt 0:00:15]} 53. Kf2 {[%emt 0:00:02]} Ke7 0-1

[Event "SVK Amateur-ch 2020"]
[Site "Topolcany"]
[Date "2020.07.13"]
[Round "7.24"]
[White "Ladnak, Marek"]
[Black "Balazs, Ladislav"]
[Result "0-1"]
[WhiteElo "1887"]
[BlackElo "2088"]
[Annotator "TA"]
[PlyCount "142"]
[EventDate "2020.07.10"]
[EventType "swiss"]
[EventCountry "SVK"]
[SourceTitle "playchess.com"]
[Source "ChessBase"]
[SourceQuality "1"]

{[%evp 16,142,38,0,38,37,32,23,61,59,77,47,91,77,99,65,54,-15,2,0,35,18,35,-9,-11,-17,-14,-176,-133,-110,-117,-187,-140,-175,-170,-172,98,98,114,117,114,118,111,80,159,85,71,70,202,202,202,202,202,196,201,183,202,195,195,192,242,242,242,236,238,241,243,243,243,243,258,258,243,243,243,243,243,243,258,245,251,243,243,243,228,227,232,203,357,328,296,203,250,248,237,203,203,197,189,188,188,-426,-420,-370,-370,-309,-311,-394,-280,-883,-882,-1080,-929,-1054,-724,-1368,-1233,-1125,-964,-877,-584,-829,-891,-551,-725,-624,-560,-588,-580]} 1. e4 c5 2. Nf3 Nc6 3. d4 cxd4 4. Nxd4 g6 5. c4 Nf6 6. Nc3 d6 7. Nb3 Bg7 8. Be2 O-O 9. O-O a5 {[%cal Ba7a5,Ba5a4][%mdl 32] A35: Symmetrical English: 2 Nc3 Nc6 3 Nf3.} 10. Be3 a4 11. Nd4 Bd7 {White has an edge.} 12. Ndb5 Qa5 {[#]} 13. Kh1 $146 ({Predecessor:} 13. Rc1 Rfc8 14. Nd5 Nxd5 15. exd5 Ne5 16. Nd4 Be8 17. f4 Nd7 18. Rf3 Qb4 19. Bf2 {0-1 (29) Sygulski,A (2410)-Schmidt,W (2475) Gdynia 1982}) 13... Rfc8 14. f4 Qd8 15. Nxa4 Nxe4 16. Bf3 {[#]} (16. Nb6 $1 $14) 16... Nc5 $1 {[%mdl 512]} 17. Bxc5 (17. Nxc5 dxc5) 17... dxc5 18. Nxc5 {[%mdl 64] Double Attack} Bf5 19. Qxd8+ (19. Nxb7 Qb6 $17) (19. g4 $5 {[%cal Rg4f5]} Qb6 20. gxf5 Qxc5 {[%mdl 64] Double Attack} 21. Qe2 $11) 19... Nxd8 20. Nxb7 Ne6 21. Bd5 $2 (21. a4 $11 {and White is okay.}) 21... Bxb2 22. Rad1 Rxa2 23. c5 (23. Rf2 $17 {was called for.}) 23... Ra6 (23... Nxc5 24. Bxa2 Nxb7 25. Nd4 $14) 24. c6 Rb6 25. Na7 Ra8 $2 ({Black should play} 25... Rc7 $1 $19 26. h3 Nd4) 26. Bxe6 $1 $16 Bxe6 27. Rd8+ Rxd8 28. Nxd8 Bf5 29. c7 Kf8 {[#]} ({But not} 29... Rd6 $2 30. Ndc6 $18) (29... Ba3 $142) 30. h3 ({Don't play} 30. Rd1 $6 Rb4 $16) (30. Ndc6 $142 $1) 30... Ra6 ({Not} 30... Rd6 $2 31. Re1 $18) 31. Ndc6 {Threatens to win with Rd1.} Bd4 (31... Ba3 $1 $14) 32. Nxd4 $18 Rxa7 33. Nxf5 {[%cal Rc7c8]} Rxc7 {[%mdl 4096] Endgame KRN-KR} 34. Nd4 Rc4 35. Ne2 h5 36. Kh2 Kg7 37. Kg3 Kf6 38. Rc1 Rb4 39. Rc6+ Kg7 40. Kf3 Rb3+ 41. Rc3 Rb4 42. Ke3 Kf6 43. Nd4 Rb2 44. Rc2 Rb7 45. Ke4 Kg7 46. Nc6 Rc7 47. Ke5 Rb7 48. Nd4 Rb1 49. Re2 Rc1 50. f5 Rc5+ 51. Ke4 Kf6 $2 (51... gxf5+ 52. Nxf5+ {[%mdl 64] Double Attack} Kf6) 52. fxg6 Kxg6 53. Rf2 e6 54. Rc2 Ra5 55. Nf3 Ra4+ 56. Ke5 Ra5+ 57. Kd6 Kf6 58. Nd4 $4 {[%mdl 8192]} (58. Re2 $18 {and life is good for White.}) 58... Rd5+ $19 {[%mdl 64] Double Attack} 59. Kc6 {Black must now prevent Nf3.} Rxd4 {KR-KR} 60. Rf2+ Kg6 61. Kc5 Rd1 62. Kc4 $2 (62. Re2) 62... f5 {Black is clearly winning.} 63. Kc3 e5 64. Ra2 e4 65. Ra8 Kg5 66. Kc2 Rd6 67. g3 Kg6 68. Rg8+ Kh7 69. Rg5 {[#]} h4 $1 {[%mdl 512]} 70. Rh5+ {[#]} (70. gxh4 Rd5) 70... Rh6 $1 {[%cal Rh6h5]} 71. Rxf5 hxg3 {Never resign too early! Accuracy: White = 59%, Black = 67%.} 0-1

[Event "SVK Amateur-ch 2020"]
[Site "Topolcany"]
[Date "2020.07.13"]
[Round "7.25"]
[White "Dzwierzynski, Bartosz"]
[Black "Tropp, Oliver"]
[Result "0-1"]
[WhiteElo "1869"]
[BlackElo "2077"]
[Annotator "TA"]
[PlyCount "82"]
[EventDate "2020.07.10"]
[EventType "swiss"]
[EventCountry "SVK"]
[SourceTitle "playchess.com"]
[Source "ChessBase"]
[SourceQuality "1"]

{[%evp 19,81,22,26,-39,-39,-38,-39,-34,-31,-31,-31,-50,-30,-37,-29,-40,0,0,0,0,0,0,0,0,0,0,0,0,0,0,2,2,4,4,4,4,12,0,0,-31,-22,-38,-53,-57,-36,-754,-748,-709,-626,-806,-793,-774,-682,-1954,-1954,-1808,-1808,-29977,-29978,-29978,-29979,-29998,-29999,-29999]} 1. d4 e6 2. c4 d5 3. Nc3 Nf6 4. Bg5 Be7 5. cxd5 exd5 6. e3 h6 7. Bh4 O-O 8. Bd3 c6 9. Qc2 Re8 10. Nge2 Ne4 11. Bg3 {D36: Queen's Gambit Declined: Exchange Variation: Main line (5 Bg5 c6 6 Qc2).} (11. Bxe7 $11 Qxe7 12. Bxe4 dxe4 13. Ng3) 11... Nxg3 $15 12. Nxg3 Nd7 13. O-O {Black is slightly better.} Nf6 14. Rab1 Bd6 {[#]} 15. Bf5 $146 ({Predecessor:} 15. Nf5 Bb8 16. h3 Qc7 17. g3 Bxf5 18. Bxf5 g6 19. Bd3 h5 20. Ne2 Qd7 21. Kg2 {0-1 (34) Mazalon,M (2148)-Tyda,K (2036) Gdansk 2008}) 15... Bxg3 16. hxg3 Bxf5 17. Qxf5 Ne4 18. Nxe4 Rxe4 19. b4 a6 20. a4 g6 21. Qf3 h5 22. Rfc1 Re6 23. Rc5 Kg7 24. Rbc1 Qb6 25. b5 axb5 26. axb5 Ra2 {[#] Hoping for ...Rf6.} 27. bxc6 bxc6 28. g4 hxg4 29. Qxg4 Rf6 30. Qg3 Qb2 $36 {[%cal Rf6f2][%mdl 2048] White is under pressure.} 31. Rf1 Ra1 $1 32. Rxa1 $4 {[%mdl 8192] Loses the game.} (32. f3 $15) 32... Qxa1+ {[%mdl 4096] Endgame KQR-KQR} 33. Kh2 {[#]} Rf5 $1 34. Qg4 Rxf2 (34... Rh5+ $2 35. Kg3 $17) 35. Rxc6 Rf5 {White must now prevent ...Qe1.} 36. Qe2 Rh5+ 37. Kg3 Qh1 {( -> ...Qh4+)} 38. Kf3 Rf5+ {Black mates.} 39. Kg3 Rg5+ 40. Kf4 Qh4+ 41. g4 Rf5# {Accuracy: White = 65%, Black = 96%.} 0-1

[Event "SVK Amateur-ch 2020"]
[Site "Topolcany"]
[Date "2020.07.13"]
[Round "7.26"]
[White "Salgovic, Simon"]
[Black "Matejov, Jaroslav"]
[Result "0-1"]
[WhiteElo "1877"]
[BlackElo "2047"]
[Annotator "TA"]
[PlyCount "72"]
[EventDate "2020.07.10"]
[EventType "swiss"]
[EventCountry "SVK"]
[SourceTitle "playchess.com"]
[Source "ChessBase"]
[SourceQuality "1"]

{[%evp 12,72,25,23,37,21,24,29,22,-13,-8,-35,-39,-41,-44,-208,-189,-200,-112,-130,-165,-187,-198,-247,-246,-210,-216,-319,-283,-303,-295,-286,-286,-285,-278,-267,-270,-291,-285,-283,-282,-307,-303,-375,-380,-445,-438,-512,-478,-471,-466,-473,-484,-675,-673,-29988,-29989,-29989,-29990,-29992,-29993,-29994,-29995]} 1. e4 Nf6 2. e5 Nd5 3. d4 d6 4. c4 Nb6 5. exd6 cxd6 6. Nc3 g6 7. h4 h5 {B03: Alekhine's Defence: Four Pawns Attack.} 8. Bd3 Bg7 9. Nge2 Nc6 {White has an edge.} 10. Be3 O-O 11. a3 d5 12. c5 Nc4 {[#]} 13. Qc2 $146 (13. Bxc4 $1 $15 dxc4 14. Qa4) ({Predecessor:} 13. Qc1 Nxe3 14. Qxe3 e5 15. Qd2 Nxd4 16. Nxd4 exd4 17. Ne2 Re8 18. O-O-O Qc7 19. Qc2 {1-0 (40) Luong,M-Nguyen,Q Can Tho 2001}) 13... Nxe3 $19 14. fxe3 {[#]} e5 (14... Bg4 $1 $19 15. Bb5 e5 16. dxe5 a6 17. Bxc6 bxc6) 15. O-O-O $17 exd4 16. exd4 Bg4 ({And not} 16... Nxd4 17. Nxd4 Bxd4 18. Bxg6 $11) 17. Rde1 Nxd4 18. Nxd4 Bxd4 19. Ne2 (19. Be2 $142) 19... Bg7 20. Nf4 Rc8 21. Kb1 b6 22. c6 Qd6 {[%mdl 64] Double Attack} 23. Qd2 Rxc6 24. g3 Rcc8 25. Rhf1 Rce8 26. Rc1 Re5 27. Qc2 Re3 28. Ka2 Rxg3 {Hoping for ...Rc8.} 29. Rce1 Rf3 30. Rxf3 Bxf3 31. Nh3 Qg3 {[%mdl 64] Double Attack} 32. Ng5 {White hopes to continue with Re3.} Qxe1 33. Bxg6 fxg6 {Black mates.} 34. Qxg6 Be4 35. Qe6+ Kh8 36. Nf7+ {[#]} Rxf7 $1 {Accuracy: White = 47%, Black = 91%.} 0-1